| 000 | 00973nam a22002537a 4500 | ||
|---|---|---|---|
| 005 | 20170501105249.0 | ||
| 010 | _aENG-107607 | ||
| 020 |
_a9788184002805 _c350.00 |
||
| 020 |
_a9788184002805 _c499.00 (AV) |
||
| 035 | _aEN-91140 | ||
| 035 | _aB-667556 | ||
| 037 | _bDBAD/PUB | ||
| 037 |
_bKBD _adpl |
||
| 100 | _aBanerjee, Abhijit V. | ||
| 245 |
_aPoor economics : _brethinking poverty and the ways to end it / _cby Abhijit V. Banerjee [and] Ether Duflo |
||
| 260 |
_bRandom House India _c2013 |
||
| 270 |
_aWindsor IT Park, 7th Floor, Tower-B, A-1 Sector-125, _bNoida U.P _e201301 |
||
| 300 |
_axv,442p. _c22cm(pbk) |
||
| 500 | _aIncludes Index | ||
| 700 | _aDuflo, Esther | ||
| 942 |
_2ddc _cEN _mBAN _h339.46091724 |
||
| 999 |
_c76666 _d76666 |
||